Religious Component in a State’s Foreign Policy <A> Case Study of the Russian Orthodox Church

Náboženský faktor v medzinárodných vzťahoch a úloha ruskej pravoslávnej cirkvi v zahraničnej dimenzii. Úloha tejto cirkvi v zahraničnej politike Kremľa v postsovietskom priestore. Vzťah cirkvi k štátu v ruských podmienkach. Ruská pravoslávna cirkev ako faktor zahraničnej politiky Ruska.

Gespeichert in:
Bibliographische Detailangaben
1. Verfasser: Solik, Martin
Weitere Verfasser: Baar, Vladimír
Format: Buchkapitel
Sprache:Englisch
Schlagworte:
Tags: Tag hinzufügen
Keine Tags, Fügen Sie das erste Tag hinzu!

MARC

LEADER 00000naa a2200000 4500
001 0273807
005 20210519144752.6
041 0 |a eng 
044 |a SK 
245 1 0 |a Religious Component in a State’s Foreign Policy  |b <A> Case Study of the Russian Orthodox Church  |c Martin Solik, Vladimír Baar 
520 |a Náboženský faktor v medzinárodných vzťahoch a úloha ruskej pravoslávnej cirkvi v zahraničnej dimenzii. Úloha tejto cirkvi v zahraničnej politike Kremľa v postsovietskom priestore. Vzťah cirkvi k štátu v ruských podmienkach. Ruská pravoslávna cirkev ako faktor zahraničnej politiky Ruska. 
610 2 0 |a cirkev 
610 2 0 |a politika zahraničná 
610 2 0 |a náboženstvo 
610 2 0 |a Rusko 
100 1 |a Solik, Martin 
700 1 |a Baar, Vladimír